|
|
|
|
| LEADER |
00000nab a2200000ua 4500 |
| 001 |
vtls010798394 |
| 003 |
SK-MaSNL |
| 005 |
20260303124410.0 |
| 008 |
230214s2012 xo |||||||||||||||||eng| |
| 035 |
|
|
|a (urnnbn)urn:nbn:sk:snk:ar-a03la1
|
| 035 |
|
|
|a (uuid)d094bb73-ccaf-44e8-9763-d308d7b30b44
|
| 035 |
|
|
|a urn:nbn:sk:snk-ab5cms
|
| 040 |
|
|
|a SNKBUCL
|b slo
|c SNKBUCL
|e AACR2
|
| 041 |
0 |
|
|a eng
|
| 044 |
|
|
|a xo
|c SK
|
| 100 |
1 |
|
|a Isik, B.
|4 aut
|9 1141485
|
| 245 |
1 |
4 |
|a The evaluation of effects of lomoxicam on blood flow and erythrocyte deformability in comparison with iv paracetamol in rats
|c B. Isik, D. Yilmaz, M. Arslan, Atac M. S., Comu F. M.
|
| 700 |
1 |
|
|a Yilmaz, D.
|4 aut
|9 1141490
|
| 700 |
1 |
|
|a Arslan, M.
|4 aut
|9 1141488
|
| 700 |
1 |
|
|a Atac M. S.
|4 aut
|9 1141491
|
| 700 |
1 |
|
|a Comu F. M.
|4 aut
|9 1141489
|
| 773 |
0 |
|
|t Bratislavské lekárske listy
|g Roč. 113, č. 4 (2012), s. [211]-213
|
| 958 |
|
|
|a OND
|
| 958 |
|
|
|a EUIPO
|
| 958 |
|
|
|a article3
|
| 999 |
|
|
|c 1930213
|d 1932143
|